000 00532nam a22001817a 4500
005 20260702163425.0
010 _aENG-148973
020 _c600.00
_a9789393166432
035 _aEN-132505
037 _bDBAD
082 _a820
_21
245 _aA Handbook of English Literature/
_cEdited by Niraj Jumar Sonkar
250 _a1
260 _bSocial Research Foundation
_c2023
_aUttar Predesh
270 _a128/170, H-Block, Kidwai Nagar,
_bKanpur
300 _a121p.
_c21cm(Hb)
942 _2ddc
_cEN
_h820
_mHAN
_e1
999 _c216844
_d216844